000 00835nam a2200265Ia 4500
003 OSt
005 20220926012254.0
006 a|||||r|||| 00| 0
007 ta
008 220923b |||||||| |||| 00| 0 eng d
020 _a0 521 58336 5
037 _cGeneral Book
040 _aRTL
_cRTL
_beng
041 _2eng
_aeng
082 _aY73(MY6).45.N9, N7
100 _aTapper Richard
_9276560
245 0 _aFrontier nomads of Iran
_b A political and social history of the shahsevan
260 _aNew York
_bCambridge University Press
_c1997
300 _axvii,429p
_ccm.
490 _aCambridge Middle East Studies, 7
500 _aBibliography: p 389-411; Appendix: p 349-388
650 _aEthnology
_935130
942 _hY73(MY6).45.N9, N7
_cGB
_2CC
999 _c622297
_d622297